Statistics for Argentine Scorers in 2010s Champions League

Click here to take the quiz!

General Stats

  • This quiz has been taken 144 times
  • The average score is 18 of 52

Answer Stats

PlayerTeamGls% Correct
Lionel MessiBarcelona95
100%
Gonzalo HiguaínReal Madrid, Napoli, Juventus22
99%
Sergio AgüeroAtletico Madrid, Manchester City34
99%
Ángel Di MaríaReal Madrid, Paris SG18
96%
Paulo DybalaJuventus11
91%
Ezequiel LavezziNapoli, Paris SG9
79%
Mauro IcardiInter4
74%
Carlos TevezJuventus7
67%
Diego MilitoInter9
67%
Nicolás OtamendiManchester City1
66%
Esteban CambiassoInter3
54%
Javier ZanettiInter1
54%
Lisandro LópezLyon6
54%
Pablo ZabaletaManchester City1
51%
Érik LamelaTottenham1
48%
Javier PastoreParis SG4
48%
Lucho GonzálezMarseille, Porto9
46%
Martín DemichelisManchester City1
40%
Éver BanegaSevilla3
39%
Ángel CorreaAtletico Madrid1
38%
Nicolás TagliaficoAjax3
38%
Walter SamuelInter2
38%
Joaquín CorreaSevilla2
37%
Lucas OcamposMonaco1
35%
Javier SaviolaMálaga, Olympiacos3
30%
Pablo AimarBenfica1
29%
Nicolás GaitánBenfica5
28%
Ezequiel GarayBenfica1
25%
Ricky ÁlvarezInter1
25%
Federico FernándezNapoli2
21%
Gabriel HeinzeMarseille3
21%
Eduardo SalvioBenfica4
17%
Diego PerottiSevilla, Roma4
15%
Facundo FerreyraShakhtar3
13%
Alejandro DomínguezValencia, Olympiacos5
12%
Franco CerviBenfica2
10%
César DelgadoLyon1
8%
Mauro ZárateInter1
8%
Tino CostaValencia2
8%
Jonathan SilvaSporting CP1
7%
Luciano ViettoAtletico Madrid, Sevilla2
7%
Esteban SolariAPOEL FC1
6%
Diego BuonanotteMálaga1
4%
Guido PizarroSevilla1
4%
Emanuel HerreraMontpellier1
3%
Emmanuel CulioCFR Cluj1
3%
Nicolás ParejaSevilla1
3%
Pablo BatallaBursaspor1
3%
Federico AlmeraresBasel1
2%
Gustavo ColmanTrabzonspor1
2%
Pablo BrandánUnirea Urziceni1
2%
Mario SantanaFiorentina1
1%

Score Distribution

Percentile by Number Answered

Percent of People with Each Score

Your Score History

You have not taken this quiz